Normal view
MARC view
Entry Uniform Title
001 - CONTROL NUMBER
- control field: 47835
003 - CONTROL NUMBER IDENTIFIER
- control field: dpl
005 - DATE AND TIME OF LATEST TRANSACTION
- control field: 20120524124803.0
008 - FIXED-LENGTH DATA ELEMENTS
- fixed length control field: 120524|||a|||||| | ||| d
040 ## - CATALOGING SOURCE
- Original cataloging agency: dpl
- Transcribing agency: dpl
130 ## - HEADING--UNIFORM TITLE
- Uniform title:
670 ## - SOURCE DATA FOUND
- Source citation: Work cat.: (dpl): सिंघल, विनीता 47834, एड्सः क्या मिलेगा छुटकारा /, 2006
670 ## - SOURCE DATA FOUND
- Source citation: Work cat.: (dpl): सिंघल, विनीता 47834, एड्सः क्या मिलेगा छुटकारा /, 2006
